American Founding Fathers Who Became President - Statistics

General Stats
  • This quiz has been taken 32 times
  • The average score is 5 of 5
Answer Stats
President # Answer % Correct
1 George Washington
97%
2 John Adams
97%
3 Thomas Jefferson
97%
4 James Madison
86%
5 James Monroe
83%
No matching quizzes found
Score Distribution
Percent of People with Each Score
Percentile by Number Answered
Your Score History
You have not taken this quiz